01944nam a22002777a 450000500170000000700150001700800410003202000220007303500100009504000090010509000170011410000310013124501370016225600240029926000480032330000280037150006670039950602700106665000260133665000390136274000380140185601040143994200080154395200960155199900190164720240305165603.0cr|||| |||| 210430s2013 co |||||s|||| 00||0 spa d a978-958-665-247-6 a33204 avLex c11572d115721 aHoyos Vásquez, Guillermo10aFilosofía de la educaciónh[Recurso electrónico] :bApuntes de su último seminario de doctorado /cGuillermo Hoyos Vásquez aServicio en línea aBogotá:bSiglo del Hombre Editores,c2013 a1 recurso electrónico a-Símbolo y testimonio de una academia sin imposturas, una ciudadanía solidaria y una comunicación de doble vía, el profesor Guillermo Hoyos Vásquez no fue inferior al reto de pensar en un momento histórico como el nuestro, en el que no solo han hecho crisis las certezas, sino además la confianza.(…) Creemos que los seminarios de Filosofía de la Educación que dictó en la Universidad Tecnológica de Pereira nos revelan al profesor Hoyos en tiempo real. En estos no sólo expone lúcidas ideas sino que se presenta también como un pensador sin hipotecas.- Julián Serna Arango. Coedición con la Universidad Tecnológica de Pereira.1 aDisponible solo en los productos indicadosdvLex GlobaldvLex Global (Academic Edition, excluding Law Schools)dvLex Global (U.S. Academic Edition, Law Schools)dvLex Global (U.S. Academic Edition, excluding Law Schools)dvLex Global (Academic Edition, Law Schools)04aEducaciónzColombia04aFilosofía y religiónzColombia0 avLex Libros (Servicio en línea)40uhttps://vlex.com/source/filosofia-de-la-educacion-apuntes-de-su-ultimo-seminario-de-doctorado-33204 cRAA 001040708VLEX9327762aBD-UINbBD-UINd2024-03-05l0p33204r2024-03-05w2024-03-05yRAA c169808d169808